| 000 | 00953cam a22002772i 4500 | ||
|---|---|---|---|
| 003 | SA-RiAUC | ||
| 005 | 20250529062438.0 | ||
| 008 | 250526s2003____ua g 000 0 ara c | ||
| 020 | _a9773530132 | ||
| 040 |
_aSA-MaUQU _bara _cSA-RiAUC _erda |
||
| 082 | 0 | 4 |
_a229.8 _qSA-RiAUC |
| 090 |
_a229.8 _b ن ص ا |
||
| 100 | 1 |
_aنصار، حسين محمد، _d1925-2017 _eمؤلف. |
|
| 245 | 1 | 2 |
_aالتكرار في القرآن / _cحسين نصار. |
| 250 | _aالطبعة الأولى. | ||
| 264 | 1 |
_aالقاهرة : _bمكتبة الخانجي، _c2003 |
|
| 300 |
_a109 صفحة ؛ _c24 سم |
||
| 336 |
_aنص _btxt _2rdacontent _3كتاب |
||
| 337 |
_aبدون وسيط _bn _2rdamedia |
||
| 338 |
_aمجلد _bnc _2rdacarrier |
||
| 490 | 0 | _aسلسلة إعجاز القرآن | |
| 630 | 2 | 7 |
_aالقرآن _xبلاغة _2aucut |
| 630 | 2 | 7 |
_aالقرآن _xإعجاز _2aucut |
| 942 |
_2ddc _cBOOK _n0 |
||
| 949 |
_aSA-JeALM _d250526 _umohamedma123 _n1 |
||
| 999 |
_c8458 _d8458 |
||